000 01068nam a2200265Ia 4500
003 OSt
005 20220923220439.0
006 a|||||r|||| 00| 0
007 ta
008 220922b |||||||| |||| 00| 0 hin d
024 _a186,729
037 _cTextual
040 _aARTS
_cARTS
_bhin
041 _2hin
_ahin
082 _aX.2'D, 152M2
100 _aसिंह, वी0 की0; पपोला, टी0 एस0
_9164225
245 0 _aवैदिक तथा वेदोत्तरकालीन प्राचीन भारतीय अर्थशास्त्र
246 _aVaidik tathā vedottarakālīn prāchīn bhāratīya arthashāstra
260 _aइलाहाबाद
_b लोक भारती प्रकाशन
_c1982
300 _a111पृ.
_ccm.
650 _a भारतीय अर्थव्यवस्था
650 _aअर्थशास्त्र
942 _hX.2'D, 152M2
_cTEXL
_2CC
999 _c339972
_d339972